MARC details
| 000 -CABECERA |
| campo de control de longitud fija |
02196nam a22004217a 4500 |
| 001 - NÚMERO DE CONTROL |
| campo de control |
BRCA_9186 |
| 003 - IDENTIFICADOR DEL NÚMERO DE CONTROL |
| campo de control |
FranzMayer |
| 005 - FECHA Y HORA DE LA ÚLTIMA TRANSACCIÓN |
| campo de control |
20220809125341.0 |
| 008 - DATOS DE LONGITUD FIJA--INFORMACIÓN GENERAL |
| campo de control de longitud fija |
190927s2019 fr a b 001 0 fre d |
| 010 ## - NÚMERO DE CONTROL DE LA BIBLIOTECA DEL CONGRESO |
| Número de control de LC |
2019460339 |
| 020 ## - NÚMERO INTERNACIONAL ESTÁNDAR DEL LIBRO |
| Número Internacional Estándar del Libro |
9782406091769 |
| Información calificativa |
(libro de bolsillo) |
| 040 ## - FUENTE DE LA CATALOGACIÓN |
| Lengua de catalogación |
spa |
| Centro/agencia transcriptor |
MFM |
| 041 ## - CÓDIGO DE LENGUA |
| Código de lengua del texto/banda sonora o título independiente |
fre |
| 050 00 - SIGNATURA TOPOGRÁFICA DE LA BIBLIOTECA DEL CONGRESO |
| Número de clasificación |
B4515.H85 |
| Número de documento/Ítem |
C68 2019 v.118 |
| 100 1# - ENTRADA PRINCIPAL--NOMBRE DE PERSONA |
| Nombre de persona |
Courcelles, Dominique de, |
| Fechas asociadas al nombre |
1953- |
| Término indicativo de función/relación |
autor |
| 9 (RLIN) |
28411 |
| 245 10 - MENCIÓN DE TÍTULO |
| Título |
Habiter merveilleusement le monde : |
| Resto del título |
Palais, jardins, demeures spirituelles en Espagne (XVe-XVIIe siècle) |
| Mención de responsabilidad, etc. |
Dominique de Courcelles |
| 264 #1 - PRODUCCIÓN, PUBLICACIÓN, DISTRIBUCIÓN, FABRICACIÓN Y COPYRIGHT |
| Producción, publicación, distribución, fabricación y copyright |
Paris : |
| Nombre del de productor, editor, distribuidor, fabricante |
Classiques Garnier, |
| Fecha de producción, publicación, distribución, fabricación o copyright |
2019. |
| 300 ## - DESCRIPCIÓN FÍSICA |
| Extensión |
352 p. : |
| Otras características físicas |
il. ; |
| Dimensiones |
15 x 22 cm. |
| 336 ## - TIPO DE CONTENIDO |
| Término de tipo de contenido |
text |
| Código de tipo de contenido |
txt |
| Fuente |
rdacontent |
| 337 ## - TIPO DE MEDIO |
| Nombre/término del tipo de medio |
unmediated |
| Código del tipo de medio |
n |
| Fuente |
rdamedia |
| 338 ## - TIPO DE SOPORTE |
| Nombre/término del tipo de soporte |
volume |
| Código del tipo de soporte |
nc |
| Fuente |
rdacarrier |
| 490 1# - MENCIÓN DE SERIE |
| Mención de serie |
Études et essais sur la Renaissance, |
| Número Internacional Normalizado para Publicaciones Seriadas |
2105-8814 ; |
| Designación de volumen o secuencia |
118 |
| 500 ## - NOTA GENERAL |
| Nota general |
Ubicación: L60-N1 |
| 500 ## - NOTA GENERAL |
| Nota general |
Incluye imágenes de la Colección Museo Franz Mayer (p. 152-153) |
| 504 ## - NOTA DE BIBLIOGRAFÍA, ETC. |
| Nota de bibliografía, etc. |
Referencias bibliográficas (p. 325-335). |
| 504 ## - NOTA DE BIBLIOGRAFÍA, ETC. |
| Nota de bibliografía, etc. |
Índice (p. 349-352) |
| 520 ## - SUMARIO, ETC. |
| Sumario, etc. |
En España desde el siglo XV al XVII, con los grandes viajes y exploraciones de mundos desconocidos, el arte de construir palacios o jardines, de escribir un viaje experimental o una búsqueda mística, de pintar paisajes y glorias celestiales, atestigua una renovación de la mirada - filosófica, alquímica, teológica, política. Esta obra se divide en cuatro partes dedicadas a palacios, jardines y moradas espirituales, a las maravillas del universo desde Sevilla a México, a la mística de los paisajes y la magia natural, a la representación del infinito. |
| 650 #0 - PUNTO DE ACCESO ADICIONAL DE MATERIA--TÉRMINO DE MATERIA |
| Término de materia o nombre geográfico como elemento de entrada |
Humanismo |
| Subdivisión geográfica |
España |
| Subdivisión cronológica |
Siglos XV-XVII |
| 9 (RLIN) |
28412 |
| 650 #0 - PUNTO DE ACCESO ADICIONAL DE MATERIA--TÉRMINO DE MATERIA |
| Término de materia o nombre geográfico como elemento de entrada |
Palacios |
| Subdivisión geográfica |
España |
| Subdivisión cronológica |
Siglos XV-XVII |
| 9 (RLIN) |
28413 |
| 650 #0 - PUNTO DE ACCESO ADICIONAL DE MATERIA--TÉRMINO DE MATERIA |
| Término de materia o nombre geográfico como elemento de entrada |
Jardines |
| Subdivisión geográfica |
España |
| Subdivisión cronológica |
Siglos XV-XVII |
| 9 (RLIN) |
28414 |
| 650 #0 - PUNTO DE ACCESO ADICIONAL DE MATERIA--TÉRMINO DE MATERIA |
| Término de materia o nombre geográfico como elemento de entrada |
Filosofía |
| Subdivisión general |
Estética |
| Subdivisión geográfica |
España |
| 9 (RLIN) |
28415 |
| 830 #0 - PUNTO DE ACCESO ADICIONAL DE SERIE-TÍTULO UNIFORME |
| Título uniforme |
Études et essais sur la Renaissance ; |
| Designación de volumen o secuencia |
118. |
| 9 (RLIN) |
28416 |
| 906 ## - ELEMENTOS DE DATOS F LOCAL, LDF (RLIN) |
| a |
7 |
| b |
cbc |
| c |
copycat |
| d |
3 |
| e |
ncip |
| f |
20 |
| g |
y-gencatlg |
| 942 ## - ELEMENTOS DE PUNTO DE ACCESO ADICIONAL (KOHA) |
| Fuente del sistema de clasificación o colocación |
Library of Congress Classification |
| Tipo de ítem Koha |
Libros |